00510nam a2200193Ia 4500008004100000020001800041050001400059100001900073245004500092245004200137260001500179260001600194260000900210300001500219300002700234300001000261440003700271500000800308170918s9999 xx 000 0 und d a9780545295642 bO185 2009 aO'Connor, Jane aFancy Nancy : the dazzling book report / cJane O'Connor ; Robin Preiss Glasser. aNew York : bScholastic, c2009 a32 pages : bcolored illustration ; c23cm. aI can read! Beginning reading 1. a270